01243 2200205 4500001002100000005001500021035002000036008004100056245009500097100001700192250000600209260003800215300001200253084001400265082000800279650001000287520071600297990001201013990001201025INLIS00000000000133620240517083103 a0010-0524000571240517 1 ind 1 aLike Brother, Like Sister ( Suatu Saat Nanti, Kau Akan Jatuh Cinta Padaku ) /cWulan Murti aMurti, Wulan a1 aYogyakarta :bSheila/ Andi,c2015 a290 hlm a813 WUL l a813 4aFiksi aSejak awal memasuki kelas satu SMA, Kim Na Eun jatuh hati pada seorang kakak kelas bernama Lee Min Hyun. Dia dan Nam Bong Kyu memberi julukan Pangeran Lee. Na Eun dengan didukung Bong Kyu melakukan berbagai cara untuk mendekati Min Hyun, termasuk membaca manhwa kacangan (Knight of Battledome) yang ternyata disukai Min Hyun. Dengan pengarahan Kim Dae Ho, Kakaknya yang juga fans berat Knight of Battledome, Kim Na Eun mempelajari manhwa tersebut. Di sisi lain, muncul dua cowok bernama Dhong Cul dan Ju Hee yang juga menyukai Na Eun. Lalu, siapakah yang akan dipilih Na Eun untuk dijadikan kekasihnya? Yuk ikuti kisah kakak-beradik yang penuh problema cinta remaja, pergaulan, dan persaudaraan dalam novel ini! a0741514 a0741515